[Event "6th LCC Super Rapidplay Open 2014"]
[Site "London ENG"]
[Date "2014.12.06"]
[Round "3.1"]
[White "Nakamura,Hi"]
[Black "Summerscale,A"]
[Result "1-0"]
[WhiteElo "2775"]
[BlackElo "2416"]

1.c4 c6 2.d4 d5 3.Nc3 Nf6 4.Nf3 dxc4 5.a4 Bf5 6.Ne5 Nbd7 7.Nxc4 Qc7 8.g3 e5
9.dxe5 Nxe5 10.Bf4 Nfd7 11.Bg2 f6 12.O-O Be6 13.Nxe5 fxe5 14.Be3 Nc5 15.b4 Nb3
16.Rb1 Rd8 17.Qc2 Nd4 18.Bxd4 exd4 19.Ne4 Be7 20.b5 c5 21.b6 axb6 22.Qb2 O-O
23.Qxb6 Qxb6 24.Rxb6 Bd5 25.Nd2 Bxg2 26.Kxg2 Rd7 27.Nc4 Ra8 28.a5 Ra7 29.Rfb1 Rc7
30.h4 g6 31.h5 gxh5 32.f4 Kg7 33.Kf3 Bd8 34.Rd6 Be7 35.Re6 Kf7 36.Rh6 Kg7
37.Rxh5 Ra6 38.Rd5 Rh6 39.e4 dxe3 40.Nxe3 Ra6 41.Nc4 Rh6 42.Rd2 Ra6 43.Rdb2 Ra7
44.g4 Rd7 45.g5 Kf8 46.Rh1 Kg8 47.Rbh2 Bf8 48.f5 Ra6 49.f6 Re6 50.Kf4 Re8
51.Rd2 Rxd2 52.Nxd2 Rd8 53.Ne4 c4 54.Ke5 Rc8 55.Kf5 c3 56.g6 hxg6+ 57.Kxg6 Rc6
58.Nxc3 Bg7  1-0

[Event "6th LCC Super Rapidplay Open 2014"]
[Site "London ENG"]
[Date "2014.12.06"]
[Round "4.1"]
[White "Adair,J"]
[Black "Nakamura,Hi"]
[Result "0-1"]
[WhiteElo "2428"]
[BlackElo "2775"]

1.e4 d5 2.exd5 Qxd5 3.Nc3 Qa5 4.d4 c6 5.Nf3 Bf5 6.Ne5 e6 7.g4 Bg6 8.h4 Nd7
9.Nc4 Qc7 10.h5 Bxc2 11.Qxc2 Ngf6 12.g5 Nd5 13.Bd2 Be7 14.Qe4 O-O-O 15.f4 Rhe8
16.O-O-O h6 17.gxh6 gxh6 18.Ne5 f5 19.Nxd5 cxd5+ 20.Qc2 Nf6 21.Ba5 Qxc2+
22.Kxc2 b6 23.Be1 Kb7 24.Ng6 Bd6 25.Kd3 Rc8 26.Be2 Ne4 27.Bf3 Rc7 28.Rh2 Rec8
29.Bxe4 dxe4+ 30.Ke3 Rc1 31.Rxc1 Rxc1 32.Bh4 Rf1 33.Be7 Rf3+ 34.Ke2 Kc7 35.Bg5 hxg5
36.h6 gxf4 37.h7 Rd3 38.Nxf4 Bxf4 39.Rh4 Rd2+ 40.Ke1 e3 41.Rh3 Bg3+ 42.Rxg3 Rh2
43.d5 f4  0-1

[Event "6th LCC Super Rapidplay Open 2014"]
[Site "London ENG"]
[Date "2014.12.06"]
[Round "5.1"]
[White "Nakamura,Hi"]
[Black "Hawkins,Jo"]
[Result "1-0"]
[WhiteElo "2775"]
[BlackElo "2552"]

1.d4 Nf6 2.Bg5 Ne4 3.Bf4 d5 4.e3 c5 5.Bd3 Qb6 6.Bxe4 Qxb2 7.Bxd5 Qxa1 8.Nf3 e6
9.Bb3 Nd7 10.O-O cxd4 11.exd4 Bb4 12.Qd3 Qb2 13.c3 Be7 14.Bc1 Qa1 15.Qc2  1-0

[Event "6th LCC Super Rapidplay Open 2014"]
[Site "London ENG"]
[Date "2014.12.06"]
[Round "6.1"]
[White "Sadler,M"]
[Black "Nakamura,Hi"]
[Result "1/2-1/2"]
[WhiteElo "2658"]
[BlackElo "2775"]

1.e4 c6 2.d4 d5 3.Nc3 dxe4 4.Nxe4 Nd7 5.Ng5 h6 6.Ne6 Qa5+ 7.Bd2 Qb6 8.Nxf8 Nxf8
9.Nf3 Nf6 10.Bd3 Qxb2 11.O-O Bg4 12.Rb1 Qxa2 13.Rxb7 Ne6 14.h3 Bxf3 15.Qxf3 Qd5
16.Qg3 O-O 17.Bxh6 Nh5 18.Qg4 Nf6 19.Qg3 Qxd4 20.Rxe7 Nd5 21.Rd7 Rfd8 22.Rxd8+ Rxd8
23.Re1 Qf6 24.Bd2 Ndf4 25.Bc3 Qh6 26.Bc4 Nd5 27.Be5 Qg5 28.Qxg5 Nxg5 29.Ra1 Ra8
30.Ra5 Ne6 31.g3 Nb4 32.Bb3 Nd5 33.f4 Nd8 34.Bd4 a6 35.Bc4 Nc7 36.Bb6 Nb5
37.Bxd8 Rxd8 38.Rxa6 Rd2 39.Rxc6 Nd4 40.Rc8+ Kh7 41.Bd3+ g6 42.Kf1 Nf3 43.Be2 Nd4
44.Bd3 Rh2 45.Rc7 Kg7 46.Bc4 Rxc2 47.Rxf7+ Kh8 48.Bd3 Rc3 49.Bxg6 Rxg3 50.Be4 Rxh3
51.Kf2 Ne6 52.Bf5 Rh6 53.Ke3 Kg8 54.Re7 Ng7 55.Be4 Kf8 56.Ra7 Rf6 57.Kf3 Ne6
58.f5 Ng5+ 59.Kf4 Nxe4 60.Kxe4 Rh6 61.Ke5 Rb6  1/2-1/2

[Event "6th LCC Super Rapidplay Open 2014"]
[Site "London ENG"]
[Date "2014.12.07"]
[Round "7.2"]
[White "Nakamura,Hi"]
[Black "Adams,Mi"]
[Result "1-0"]
[WhiteElo "2775"]
[BlackElo "2745"]

1.Nf3 d5 2.g3 c6 3.Bg2 Bg4 4.O-O Nf6 5.d3 e6 6.h3 Bh5 7.Nbd2 Be7 8.g4 Bg6
9.Nh4 a5 10.e3 Na6 11.a3 Nd7 12.Nxg6 fxg6 13.d4 O-O 14.c4 Nc7 15.b3 Bf6 16.Bb2 Kh8
17.Qc2 Rc8 18.b4 e5 19.dxe5 Bxe5 20.bxa5 Na6 21.Bxe5 Nxe5 22.cxd5 cxd5 23.Qb2 Nd3
24.Qxb7 Nac5 25.Qxd5 Qxa5 26.Nb3 Qc3 27.Nxc5 Rxc5 28.Qd6 Rcc8 29.a4 Qc2 30.Be4 Rxf2
31.Bxd3  1-0

[Event "6th LCC Super Rapidplay Open 2014"]
[Site "London ENG"]
[Date "2014.12.07"]
[Round "8.1"]
[White "Nakamura,Hi"]
[Black "Giri,A"]
[Result "1-0"]
[WhiteElo "2775"]
[BlackElo "2768"]

1.d4 d5 2.Bf4 Nf6 3.e3 c5 4.Nc3 cxd4 5.exd4 a6 6.Nf3 Bg4 7.Be2 e6 8.h3 Bxf3
9.Bxf3 Nc6 10.Ne2 Bd6 11.Be3 O-O 12.O-O Ne7 13.g3 Nf5 14.Bc1 Rc8 15.c3 b5
16.Qd3 Qc7 17.Bg5 Qc4 18.Rfd1 Be7 19.Nf4 Nd7 20.Bxe7 Nxe7 21.Qd2 a5 22.Be2 Qc6
23.Bd3 Qb6 24.a4 bxa4 25.Rxa4 Rb8 26.Bc2 Qc7 27.Rda1 g6 28.Nd3 Nc6 29.R4a2 Nb6
30.h4 Rfe8 31.Qf4 Qxf4 32.Nxf4 Rec8 33.Bd1 Nc4 34.Nd3 Rb6 35.Ba4 Kg7 36.Kg2 Rc7
37.Re1 Nd8 38.Bd1 Nc6 39.Re2 h6 40.Nc5 Re7 41.Ba4 Ra7 42.Bb3 Nd6 43.Bc2 Re7
44.Bd3 Rb8 45.Re1 Rb6 46.Bc2 Ra7 47.Rea1 Rc7 48.Re1 Ra7 49.g4 Nb5 50.Ba4 Nd6
51.Rea1 Nd8 52.Bc2 Rc7 53.Ba4 N6b7 54.Nd7 Rd6 55.Ne5 Rb6 56.Re1 Nd6 57.Nd7 Rbb7
58.Nc5 Rb6 59.Bc2 N6b7 60.Na4 Rbc6 61.Ra3 Nd6 62.Bd3 N8b7 63.Rb3 Nc4 64.Bxc4 Rxc4
65.Ra1 R4c6 66.Rb5 Kf6 67.Kf3 Ke7 68.Ke2 Kf6 69.Kd3 g5 70.hxg5+ Kxg5 71.f3 f5
72.gxf5 Kxf5 73.Rh1 Rh7 74.b3 h5 75.c4 Kf4 76.cxd5 exd5 77.Rxd5 h4 78.Rh3 Rg6
79.Nc3 Rg3 80.Ne2+ Kxf3 81.Nxg3 Kg4 82.Ne4 Kxh3 83.Ng5+  1-0

[Event "6th LCC Super Rapidplay Open 2014"]
[Site "London ENG"]
[Date "2014.12.07"]
[Round "9.1"]
[White "Caruana,F"]
[Black "Nakamura,Hi"]
[Result "0-1"]
[WhiteElo "2829"]
[BlackElo "2775"]

1.e4 c5 2.Nf3 Nc6 3.Bb5 e6 4.O-O Nge7 5.d4 cxd4 6.Nxd4 Ng6 7.Be2 Bc5 8.Nb3 Bb6
9.c4 d6 10.Nc3 a6 11.Kh1 e5 12.Nd5 Ba7 13.Bg4 O-O 14.Bxc8 Rxc8 15.Be3 Bxe3
16.Nxe3 Nge7 17.Rc1 a5 18.c5 dxc5 19.Nxc5 Nd4 20.Qd3 Qd6 21.Nb3 a4 22.Nxd4 Qxd4
23.Qb1 Qd2 24.Rcd1 Qb4 25.Rd7 Nc6 26.a3 Qb3 27.Rd3 Qb6 28.Nd5 Qb5 29.Rc1 Rcd8
30.b4 Nd4 31.Rc5 Qe8 32.Qd1 f5 33.exf5 Rxf5 34.f3 Rf8 35.Nc3 b6 36.Rc7 b5
37.Rc5 Rc8 38.Ne4 Rxc5 39.Nxc5 Qf7 40.h3 Qf5 41.Re3 h6 42.Qd2 Rd8 43.Re4 Kh7
44.Qf2 Rd5 45.Kh2 Nb3 46.Nxb3 axb3 47.Qe3 b2 48.Qe1 Rd4  0-1

[Event "6th LCC Super Rapidplay Open 2014"]
[Site "London ENG"]
[Date "2014.12.07"]
[Round "10.1"]
[White "Nakamura,Hi"]
[Black "Anand,V"]
[Result "1-0"]
[WhiteElo "2775"]
[BlackElo "2793"]

1.b3 Nf6 2.Bb2 d5 3.Nf3 e6 4.e3 Be7 5.c4 O-O 6.d4 c5 7.dxc5 Bxc5 8.a3 dxc4
9.Qxd8 Rxd8 10.Bxc4 Bd7 11.Ke2 Be7 12.Nbd2 Bc6 13.Rhc1 Nbd7 14.Kf1 Ne4 15.Nxe4 Bxe4
16.Bd4 Bxf3 17.gxf3 Bf6 18.Bxf6 Nxf6 19.Ke2 Kf8 20.Bd3 Rac8 21.Be4 b6 22.Bb7 Rb8
23.Bc6 Rd6 24.b4 Rbd8 25.Rc2 Ng8 26.Rac1 Ne7 27.Bb5 Rd5 28.a4 Rh5 29.Rc7 Rxh2
30.Rxa7 Nd5 31.a5 bxa5 32.bxa5 Rh5 33.Rb7 Nb4 34.a6 Nxa6 35.Bxa6 Rf5 36.Bd3 Rf6
37.Rh1 h6 38.f4 Ra8 39.Bb1 Rc8 40.Rh5 Ra8 41.Kf1 Rc8 42.Ke2 Rd8 43.Rhb5 Ra8
44.Rb8+ Rxb8 45.Rxb8+ Ke7 46.Rg8 g6 47.Rh8 h5 48.Ra8  1-0

[Event "6th London CC Elite Blitz 2014"]
[Site "London ENG"]
[Date "2014.12.08"]
[Round "1.3"]
[White "Caruana,F"]
[Black "Nakamura,Hi"]
[Result "0-1"]
[WhiteElo "2829"]
[BlackElo "2775"]

1.Nf3 c5 2.g3 Nc6 3.Bg2 e5 4.O-O g6 5.c4 Bg7 6.Nc3 Nge7 7.Ne1 d6 8.Nc2 Be6
9.Ne3 O-O 10.Ned5 Rb8 11.d3 a6 12.Bg5 f6 13.Bd2 b5 14.Rb1 b4 15.Na4 Bf7 16.a3 a5
17.axb4 axb4 18.b3 Nxd5 19.cxd5 Nd4 20.Nb2 Ra8 21.Nc4 Qc7 22.e3 Nb5 23.Ra1 f5
24.Qc2 Qb7 25.Na5 Qd7 26.Ra4 Na3 27.Qd1 Rfe8 28.Bc1 Nb5 29.Bb2 e4 30.Bxg7 Kxg7
31.dxe4 Nc3 32.Qa1 fxe4 33.Rc1 Kg8 34.Rxc3 bxc3 35.Qxc3 Bxd5 36.h4 Qg7 37.Qc2 Qf7
38.Ra1 Ra7 39.Qd2 Rea8 40.b4 cxb4 41.Qxb4 Qc7  0-1

[Event "6th London CC Elite Blitz 2014"]
[Site "London ENG"]
[Date "2014.12.08"]
[Round "2.3"]
[White "Nakamura,Hi"]
[Black "Caruana,F"]
[Result "1-0"]
[WhiteElo "2775"]
[BlackElo "2829"]

1.b3 b6 2.e4 Bb7 3.Nc3 g6 4.d4 Bg7 5.Be3 c5 6.Qd2 Nf6 7.f3 cxd4 8.Bxd4 Nc6
9.Be3 d5 10.Bh6 Bxh6 11.Qxh6 dxe4 12.Rd1 Qc7 13.Nb5 Qb8 14.fxe4 a6 15.Nc3 Qe5
16.Nge2 Nb4 17.Rd2 Nxe4 18.Qe3 Rc8 19.a3 f6 20.axb4 Nxc3 21.Qxb6 Be4 22.Qd4 Qxd4
23.Nxd4  1-0

[Event "6th London CC Elite Blitz 2014"]
[Site "London ENG"]
[Date "2014.12.08"]
[Round "3.1"]
[White "Anand,V"]
[Black "Nakamura,Hi"]
[Result "1-0"]
[WhiteElo "2793"]
[BlackElo "2775"]

1.e4 c5 2.Nf3 Nc6 3.Bb5 d6 4.O-O Bd7 5.Re1 a6 6.Bxc6 Bxc6 7.d4 cxd4 8.Nxd4 Rc8
9.c4 Nf6 10.Nc3 Bd7 11.b3 b5 12.Bg5 bxc4 13.Nd5 h6 14.Bxf6 gxf6 15.Qf3 h5
16.h3 Bh6 17.Nf5 Bf8 18.bxc4 e6 19.Rab1 Bc6 20.Qc3 Rh6 21.Nxh6 Bxh6 22.Nxf6+ Ke7
23.Nd5+ Bxd5 24.exd5 e5 25.Rb7+ Kf8 26.Qf3 Rc7 27.Reb1 Qe7 28.Rxc7 Qxc7 29.Qxh5 Kg7
30.Qg4+ Kh7 31.g3 a5 32.Rb3 a4 33.Rb4 Qa7 34.Kg2 Bd2 35.Rb5 Bc3 36.c5 dxc5
37.d6 Bd4 38.Qe4+ Kg7 39.Rb7 Qa6 40.Qg4+  1-0

[Event "6th London CC Elite Blitz 2014"]
[Site "London ENG"]
[Date "2014.12.08"]
[Round "4.1"]
[White "Nakamura,Hi"]
[Black "Anand,V"]
[Result "1-0"]
[WhiteElo "2775"]
[BlackElo "2793"]

1.d4 Nf6 2.Bf4 d5 3.e3 e6 4.c4 Be7 5.Nc3 O-O 6.Nf3 b6 7.Bd3 Bb7 8.O-O dxc4
9.Bxc4 Nbd7 10.Qe2 a6 11.Rfd1 b5 12.Bd3 Bd6 13.Bg5 h6 14.Bh4 c5 15.Ne4 Bxe4
16.Bxe4 Ra7 17.dxc5 Nxc5 18.Bc2 Rd7 19.b4 Nb7 20.a4 g5 21.Nxg5 hxg5 22.Bxg5 Be7
23.axb5 axb5 24.Qf3 Nd6 25.Qh3 Nde4 26.Bh6  1-0

[Event "6th London CC Elite Blitz 2014"]
[Site "London ENG"]
[Date "2014.12.08"]
[Round "5.3"]
[White "Nakamura,Hi"]
[Black "Adams,Mi"]
[Result "1/2-1/2"]
[WhiteElo "2775"]
[BlackElo "2745"]

1.Nf3 d5 2.g3 Bg4 3.Bg2 Nd7 4.O-O e5 5.c4 dxc4 6.Qa4 Bd6 7.Na3 Nf6 8.Nxc4 O-O
9.h3 Be6 10.d3 Nb6 11.Qc2 Nxc4 12.dxc4 Qe7 13.Ng5 Bc8 14.Be3 Bc5 15.Qc3 a5
16.a3 a4 17.Rfd1 c6 18.Bxc5 Qxc5 19.Qb4 Qxb4 20.axb4 h6 21.Nf3 Re8 22.b3 Be6
23.bxa4 Bxc4 24.Re1 Rad8 25.Rac1 Bb3 26.a5 e4 27.Nh2 Nd5 28.Rb1 Bc4 29.Rb2 e3
30.Rc1 Bb5 31.Ng4 exf2+ 32.Kxf2 h5 33.Bxd5 Rxd5 34.Ne3 Rd4 35.Nd1 Ree4 36.Rcb1 Rc4
37.Ne3 Rc3 38.Nd1 Ra3 39.Rd2 g6 40.h4 Kg7 41.Rc2 Ba4 42.Rc3 Ra2 43.Rb2 Rxb2
44.Nxb2 Rxb4 45.a6 bxa6 46.Nxa4 Rxa4 47.Rxc6 a5 48.Ra6 Ra3 49.e4 a4 50.e5 Kf8
51.Ra7 Ra1 52.Kg2 a3 53.Kh2 Ke8 54.Kg2 a2 55.Kh2 Kd8 56.Kg2 Kc8 57.Kh2 Kb8
58.Ra3 Kc7 59.Kg2 Kd7 60.Ra6 Kc7 61.Kh2 Kb7 62.Ra3 Kc6 63.Kg2 Kd5 64.Ra5+ Ke4
65.Kh2 Kf3 66.Ra3+ Kf2 67.Ra7 Ke3 68.Kg2 Kd4 69.Ra5 Kc3 70.Ra7 Kb3 71.Rb7+ Kc4
72.Ra7 Kd3 73.Ra3+ Kd4 74.Ra5 Ke4 75.Kh2 Kf3 76.Ra3+ Kf2 77.Ra7 Ke2 78.Kg2 Kd3
79.Kh2 Kc3 80.Kg2 Kb3 81.Rb7+ Kc4 82.Ra7 Kd5 83.Ra5+ Ke4 84.Kh2  1/2-1/2

[Event "6th London CC Elite Blitz 2014"]
[Site "London ENG"]
[Date "2014.12.08"]
[Round "6.3"]
[White "Adams,Mi"]
[Black "Nakamura,Hi"]
[Result "0-1"]
[WhiteElo "2745"]
[BlackElo "2775"]

1.e4 c5 2.Nf3 Nc6 3.Bb5 e6 4.Bxc6 bxc6 5.b3 Ne7 6.Bb2 Ng6 7.h4 h5 8.d3 f6
9.e5 d5 10.exd6 Bxd6 11.Nfd2 e5 12.Nc4 Be7 13.Nc3 Be6 14.g3 Bd5 15.Rg1 Nf8
16.Qe2 Ne6 17.Ne4 Nd4 18.Bxd4 cxd4 19.O-O-O a5 20.a4 Qc7 21.Kb1 Be6 22.Rdf1 Bh3
23.Re1 Bb4 24.Rd1 O-O-O 25.f3 Be6 26.Rdf1 Rhe8 27.g4 hxg4 28.fxg4 Rh8 29.h5 Kb8
30.Rg3 Ka8 31.Rh1 Bd5 32.Rhh3 Qe7 33.Qf3 Bc3 34.Ka2 Rb8 35.Qe2 Rb4 36.Nxc3 dxc3
37.Qe1 Rxa4+ 38.bxa4 Qb4 39.Qc1 Rb8  0-1

[Event "6th London CC Elite Blitz 2014"]
[Site "London ENG"]
[Date "2014.12.08"]
[Round "7.2"]
[White "Giri,A"]
[Black "Nakamura,Hi"]
[Result "1-0"]
[WhiteElo "2768"]
[BlackElo "2775"]

1.e4 c5 2.Nf3 Nc6 3.Bb5 e6 4.Bxc6 bxc6 5.d3 Ne7 6.Ng5 d6 7.O-O h6 8.Nh3 e5
9.f4 Bxh3 10.gxh3 exf4 11.Bxf4 Ng6 12.Bg3 Be7 13.Nd2 O-O 14.c3 d5 15.Qf3 Bd6
16.Kh1 Rb8 17.Rab1 Bxg3 18.Qxg3 dxe4 19.Nxe4 Qd5 20.c4 Qd4 21.h4 Kh8 22.h5 Ne5
23.Nc3 f5 24.Ne2 Qxd3 25.Qxe5 Rbe8 26.Nf4 Qxc4 27.Ng6+ Kg8 28.Rxf5 Qd3 29.Qe6+  1-0

[Event "6th London CC Elite Blitz 2014"]
[Site "London ENG"]
[Date "2014.12.08"]
[Round "8.2"]
[White "Nakamura,Hi"]
[Black "Giri,A"]
[Result "1-0"]
[WhiteElo "2775"]
[BlackElo "2768"]

1.d4 d5 2.c4 c6 3.Nc3 Nf6 4.Nf3 e6 5.Bg5 dxc4 6.e4 b5 7.e5 h6 8.Bh4 g5 9.Nxg5 hxg5
10.Bxg5 Nbd7 11.g3 Bb7 12.Bg2 Qb6 13.exf6 c5 14.d5 O-O-O 15.O-O b4 16.Rb1 Qa6
17.dxe6 Bxg2 18.e7 Bxf1 19.Qd5 Bxe7 20.fxe7 Rdg8 21.Ne4 Bd3 22.Nd6+ Kc7 23.Bf4 Kb6
24.Re1 Qxa2 25.Nxf7 Qa4 26.b3 Qxb3 27.Qxd7 Qc3 28.Bc7+ Kb7 29.Nd6+  1-0

[Event "6th London CC Elite Blitz 2014"]
[Site "London ENG"]
[Date "2014.12.08"]
[Round "9.2"]
[White "Nakamura,Hi"]
[Black "Kramnik,V"]
[Result "1/2-1/2"]
[WhiteElo "2775"]
[BlackElo "2769"]

1.b3 g6 2.Bb2 Nf6 3.e4 Bg7 4.g3 O-O 5.Bg2 c5 6.Ne2 d6 7.d4 cxd4 8.Nxd4 Bg4
9.Qd2 Qc8 10.h3 Bd7 11.c4 Nc6 12.Ne2 a6 13.Nbc3 b5 14.cxb5 axb5 15.Nxb5 Ne5
16.Nbc3 Qa6 17.Rd1 Rfb8 18.f4 Nc6 19.O-O Ra7 20.Kh2 Be8 21.Rf3 Nd7 22.Bf1 Nc5
23.Re3 Qa5 24.Bg2 Nb4 25.a3 Nxb3 26.axb4 Nxd2 27.bxa5 Rxb2 28.e5 dxe5 29.Rd3 exf4
30.R1xd2 fxg3+ 31.Kxg3 Be5+ 32.Kf2 Rxd2 33.Rxd2 Bc7 34.Nd5 Bxa5 35.Rb2 Kg7
36.Ne3 Bd7 37.Nc4 Bc7 38.Nc3 Be6 39.Nb5 Ra4 40.Nxc7 Bxc4 41.Nd5 Bxd5 42.Bxd5 e6
43.Bf3 h5 44.Rb7 Rf4 45.Kg3 Rf5 46.Be2 Kh6 47.Bd3 Rf6 48.h4 g5 49.hxg5+ Kxg5
50.Rb5+ Kh6 51.Ra5 h4+ 52.Kg4 Kg7 53.Kxh4 Rf4+  1/2-1/2

[Event "6th London CC Elite Blitz 2014"]
[Site "London ENG"]
[Date "2014.12.08"]
[Round "10.2"]
[White "Kramnik,V"]
[Black "Nakamura,Hi"]
[Result "1-0"]
[WhiteElo "2769"]
[BlackElo "2775"]

1.d4 d6 2.Nf3 f5 3.e3 Nf6 4.Be2 g6 5.b4 Bg7 6.Bb2 e5 7.dxe5 Ng4 8.O-O Nc6
9.c4 Ngxe5 10.Qb3 a5 11.Nxe5 Bxe5 12.b5 a4 13.Qa3 Qf6 14.Nc3 Qg7 15.bxc6 bxc6
16.Bf3 Ra6 17.Nxa4 Be6 18.Qb3 O-O 19.Bxe5 Qxe5 20.Nb2 Rfa8 21.Nd3 Qg7 22.a4 Qf7
23.Rfc1 g5 24.g3 Qf6 25.Qc2 Bd7 26.Qb2 Qxb2 27.Nxb2 Rb6 28.Nd3 Rb3 29.Rd1 Ra5
30.c5 Be8 31.cxd6 cxd6 32.Nc1 Rc3 33.Rxd6 g4 34.Bd1 Kf8 35.Nb3 Ra7 36.Nd4 Ra5
37.Nb3 Ra7 38.a5 c5 39.a6 Ke7 40.Rd5 c4 41.Nd4 Rd3 42.Bc2 Rc3 43.Bxf5 h5
44.Re5+ Kf8 45.Rxe8+  1-0

[Event "Gibraltar Masters 2015"]
[Site "Caleta ENG"]
[Date "2015.01.27"]
[Round "1.2"]
[White "Vojinovic,J"]
[Black "Nakamura,Hi"]
[Result "0-1"]
[WhiteElo "2301"]
[BlackElo "2776"]

1.d4 f5 2.Bg5 c6 3.e3 Qb6 4.Nd2 Qxb2 5.Rb1 Qc3 6.g4 Qa5 7.gxf5 Qxf5 8.h4 Qa5
9.Nh3 g6 10.Bd3 d6 11.Qf3 Nd7 12.h5 Ndf6 13.hxg6 hxg6 14.Bxg6+ Kd8 15.Bf4 Kc7
16.Ng5 Rxh1+ 17.Qxh1 Bh6 18.Qh4 Bd7 19.Bd3 Nd5 20.Ne6+ Bxe6 21.Bxh6 Nc3 22.Ra1 Qb4
23.Kf1 Nxa2 24.Rd1 Nc3 25.Re1 Nxh6 26.Qxh6 Bd7 27.f3 a5 28.Kf2 a4 29.Qg5 Rh8
30.Qg3 Nd5 31.Rd1 c5 32.Bc4 Nc3 33.Re1 b5  0-1

[Event "Gibraltar Masters 2015"]
[Site "Caleta ENG"]
[Date "2015.01.28"]
[Round "2.2"]
[White "Nakamura,Hi"]
[Black "Harika,D"]
[Result "1-0"]
[WhiteElo "2776"]
[BlackElo "2496"]

1.Nf3 Nf6 2.c4 e6 3.b3 d5 4.Bb2 Be7 5.e3 O-O 6.d4 b6 7.Bd3 Bb7 8.O-O c5 9.Nbd2 Nc6
10.Rc1 Rc8 11.a3 Re8 12.Re1 Bf8 13.dxc5 bxc5 14.cxd5 exd5 15.Qc2 h6 16.Qb1 Nd7
17.Bh7+ Kh8 18.Bf5 Rb8 19.Qa1 Qe7 20.b4 cxb4 21.axb4 a6 22.Nb3 Nde5 23.Nxe5 Nxe5
24.Nc5 Nf3+ 25.gxf3 Qg5+ 26.Bg4 h5 27.Nxb7 Rxb7 28.Qxa6 hxg4 29.f4 Qe7 30.b5 Qd7
31.b6 Bb4 32.Red1 Re6 33.Bd4 Rh6 34.Qa8+ Kh7 35.Rc8 Kg6 36.Rg8 Rh7 37.Qc8 Qe7
38.Qxg4+  1-0

[Event "Gibraltar Masters 2015"]
[Site "Caleta ENG"]
[Date "2015.01.29"]
[Round "3.1"]
[White "Nabaty,T"]
[Black "Nakamura,Hi"]
[Result "0-1"]
[WhiteElo "2579"]
[BlackElo "2776"]

1.e4 c5 2.c3 d5 3.exd5 Qxd5 4.d4 Nc6 5.Nf3 e6 6.Be3 cxd4 7.cxd4 Nf6 8.Nc3 Qd8
9.Bd3 Be7 10.O-O O-O 11.Rc1 Nb4 12.Bb1 b6 13.Bg5 Bb7 14.Ne5 Rc8 15.Re1 Nfd5
16.Qh5 f5 17.Bd2 Nc6 18.Nxc6 Rxc6 19.a3 Nxc3 20.Bxc3 Qd5 21.Qf3 Qxf3 22.gxf3 Rf6
23.Bd3 Rc7 24.d5 Rg6+ 25.Kf1 Rd7 26.Be5 Rxd5 27.Rc7 Rxe5 28.Rxe5 Bd6 29.Rxb7 Bxe5
30.h3 Rh6 31.Kg2 Bxb2 32.Rxa7 Kf8 33.a4 Rh4 34.a5 bxa5 35.Rxa5 Rd4 36.Be2 Kf7
37.Ra2 Rb4 38.Ra7+ Kf6 39.Rc7 Rb6 40.Rc2 Kg5 41.Rc4 Rd6 42.Ra4 Rd2 43.f4+ Kf6
44.Bc4 Rd4 45.Bb5 Rd5 46.Bc4 Rc5 47.Kf3 g6 48.Ke2 Bc1 49.Bd3 Rd5 50.Rc4 Ba3
51.Rc6 Bd6 52.Rc4 Ra5 53.Ke3 Ra3 54.Ke2 Ke7 55.Ke3 Kf6 56.Ke2 Bb8 57.f3 Ra1
58.Kf2 Ba7+  0-1

[Event "Gibraltar Masters 2015"]
[Site "Caleta ENG"]
[Date "2015.01.30"]
[Round "4.1"]
[White "Nakamura,Hi"]
[Black "Grandelius,N"]
[Result "1-0"]
[WhiteElo "2776"]
[BlackElo "2602"]

1.c4 Nf6 2.Nc3 e5 3.g3 Nc6 4.Bg2 Bc5 5.a3 a6 6.e3 Ba7 7.Nge2 d6 8.b4 O-O
9.d3 Ne7 10.O-O c6 11.h3 Be6 12.Bb2 Qd7 13.Kh2 Ng6 14.Qd2 d5 15.c5 Rae8 16.Na4 Qe7
17.Rae1 e4 18.Bxf6 Qxf6 19.dxe4 dxe4 20.Nac3 Bf5 21.Nd4 Bb8 22.Qc2 Nh4 23.Bxe4 Rxe4
24.Nxe4 Qg6 25.Nxf5 Nf3+ 26.Kg2 Nxe1+ 27.Rxe1 Qxf5 28.Rd1 h5 29.Qc4 Qe5 30.h4 Qe7
31.Ng5 Re8 32.Rd4 g6 33.Qd3 Qf8 34.Rd7 Re7 35.f4  1-0

[Event "Gibraltar Masters 2015"]
[Site "Caleta ENG"]
[Date "2015.01.31"]
[Round "5.1"]
[White "Adhiban,Baskaran"]
[Black "Nakamura,Hi"]
[Result "0-1"]
[WhiteElo "2630"]
[BlackElo "2776"]

1.d4 d5 2.c4 dxc4 3.e4 b5 4.a4 c6 5.Nc3 a6 6.axb5 cxb5 7.Nxb5 axb5 8.Rxa8 Bb7
9.Ra1 e6 10.Ne2 Bxe4 11.b3 Nc6 12.Nc3 Bb4 13.Bd2 Bxc3 14.Bxc3 b4 15.d5 bxc3
16.dxc6 Qxd1+ 17.Kxd1 cxb3 18.c7 Kd7 19.Ra3 b2 20.c8=Q+ Kxc8 21.Rxc3+ Kd7
22.Bd3 b1=Q+ 23.Bxb1 Bxb1 24.Rb3 Be4 25.Rb8 g5 26.Ke2 Ke7 27.h4 gxh4 28.Rxh4 Bc6
29.Rc4 Be8 30.Rc7+ Kd6 31.Ra7 Ne7 32.Rd8+ Ke5 33.Rb7 Kf6 34.Rdb8 Ng6 35.Rb6 h5
36.f3 Ba4 37.Rxh8 Nxh8 38.Ke3 Ng6 39.Ra6 Bb3 40.Ra5 Bd5 41.Ra7 e5 42.Ra5 Be6
43.Rb5 h4 44.Rb1 Kg5 45.Rb5 f6 46.Rb7 Nf4 47.Kf2 Nh5 48.Rb6 Bf5 49.Rb8 Bg6
50.Rb4 Nf4 51.Ra4 Bf7 52.Ra7 Kg6 53.Ra1 Bd5 54.Rd1 Kg5 55.Rd2 f5  0-1

[Event "Gibraltar Masters 2015"]
[Site "Caleta ENG"]
[Date "2015.02.01"]
[Round "6.1"]
[White "Nakamura,Hi"]
[Black "Topalov,V"]
[Result "1-0"]
[WhiteElo "2776"]
[BlackElo "2800"]

1.e4 c5 2.Nf3 d6 3.Bb5+ Nd7 4.a4 Nf6 5.Nc3 e6 6.d4 cxd4 7.Qxd4 a6 8.Be2 b6
9.O-O Bb7 10.Rd1 Qc7 11.Bg5 Be7 12.Nd2 h6 13.Bh4 Ne5 14.Nf1 Rd8 15.Bg3 O-O
16.Ne3 Rc8 17.Kh1 Rfd8 18.f3 Nh5 19.Bf2 Nf4 20.Bf1 Nfg6 21.Qd2 Bg5 22.Qe1 Nf4
23.Bg3 Nh5 24.Bf2 Qe7 25.Ra3 Nf4 26.Rb3 Rc6 27.Ne2 Nxe2 28.Bxe2 Rdc8 29.c3 Nd7
30.Nc2 d5 31.Nb4 Rc5 32.exd5 Ra5 33.Nc6 Bxc6 34.dxc6 Rxc6 35.Rb4 Bf6 36.Qf1 Rd6
37.Rxd6 Qxd6 38.Bxa6 Nc5 39.Bb5 Qd2 40.Bg1 Ra8 41.Bc6 Rc8 42.Rxb6 Bd8 43.Rb5 Rxc6
44.Bxc5 Bc7 45.a5 Qc2 46.f4 f6 47.h3 Kh7 48.f5 exf5 49.Bg1 Be5 50.a6  1-0

[Event "Gibraltar Masters 2015"]
[Site "Caleta ENG"]
[Date "2015.02.02"]
[Round "7.1"]
[White "Howell,D"]
[Black "Nakamura,Hi"]
[Result "1/2-1/2"]
[WhiteElo "2670"]
[BlackElo "2776"]

1.e4 c5 2.Nf3 d6 3.Bb5+ Bd7 4.Bxd7+ Nxd7 5.O-O Ngf6 6.Re1 e6 7.c3 Be7 8.d4 O-O
9.Nbd2 cxd4 10.cxd4 Qb6 11.b3 d5 12.e5 Ne8 13.Nf1 Nc7 14.Ng3 Rac8 15.Re3 Nb5
16.Rd3 Rc6 17.Bg5 Bxg5 18.Nxg5 h6 19.Nh3 Rfc8 20.Nf4 Qd8 21.a4 Nc3 22.Qf3 Qg5
23.h3 Nf8 24.Kh2 Ng6 25.Nxg6 Qxg6 26.Re3 b5 27.axb5 Nxb5 28.Ne2 Rc2 29.Ra5 Rb8
30.Rd3 Rb2 31.Qe3 Rb6 32.Rd2 Qb1 33.Nc3 Nxc3 34.Qxc3 R6xb3 35.Rxb2 Qxb2 36.Qxb2 Rxb2
37.Kg3 Rb4 38.h4 g6 39.Kg4 Rxd4+ 40.f4 f6 41.exf6 Kf7 42.Rxa7+ Kxf6 43.Kf3 Rd3+
44.Ke2 Rb3 45.Rh7 h5 46.Rd7 Rb1 47.Rd8 Rh1 48.g3 Kf5 49.Kf3 Rf1+ 50.Ke2 Ra1
51.Rf8+ Kg4 52.Rf6 Kxg3 53.Rxe6 Kxf4 54.Rxg6 Ra3 55.Rg5 Re3+ 56.Kd2 Re5 57.Rg8 Ke4
58.Rh8 Kf3 59.Rg8 Re4 60.Rg5 Rd4+ 61.Kc2 Rxh4 62.Rxd5 Rh1 63.Kb2 h4 64.Rd4 Ke3
65.Rc4 h3 66.Rc3+ Kd4 67.Rg3 Rh2+ 68.Ka1 Rh1+  1/2-1/2

[Event "Gibraltar Masters 2015"]
[Site "Caleta ENG"]
[Date "2015.02.03"]
[Round "8.1"]
[White "Nakamura,Hi"]
[Black "Yu Yangyi"]
[Result "1-0"]
[WhiteElo "2776"]
[BlackElo "2724"]

1.e4 c5 2.c3 d5 3.exd5 Qxd5 4.Na3 Nf6 5.Nf3 Nc6 6.Bc4 Qd8 7.O-O a6 8.Nc2 Bg4
9.d4 e6 10.h3 Bxf3 11.Qxf3 Rc8 12.Rd1 cxd4 13.Bb3 Qc7 14.Nxd4 Nxd4 15.cxd4 Bd6
16.Bg5 Ke7 17.Re1 h6 18.Bxf6+ gxf6 19.Re3 h5 20.Rae1 Qd7 21.Qe4 Kf8 22.d5 e5
23.Rf3 Kg7 24.Bc2 h4 25.Rf5 Rh6 26.Bd3 Qc7 27.Qg4+ Kf8 28.Rf3 Qc5 29.Bxa6 Rg6
30.Qf5 Kg7 31.Bd3 Qb4 32.Rfe3 Rc5 33.Qd7 Rc7 34.Qd8 Rg5 35.Re4 Qd2 36.Bf1 Qxd5
37.Rxh4 Kg6 38.g4 f5 39.Qg8+  1-0

[Event "Gibraltar Masters 2015"]
[Site "Caleta ENG"]
[Date "2015.02.04"]
[Round "9.1"]
[White "Bachmann,Ax"]
[Black "Nakamura,Hi"]
[Result "1/2-1/2"]
[WhiteElo "2629"]
[BlackElo "2776"]

1.Nf3 d5 2.g3 c6 3.Bg2 Bg4 4.c4 e6 5.O-O Nd7 6.cxd5 exd5 7.Nc3 Ngf6 8.d3 Bxf3
9.Bxf3 d4 10.Ne4 Be7 11.Nxf6+ Nxf6 12.b4 O-O 13.Qb3 Nd5 14.b5 Qd7 15.Bd2 Bf6
16.bxc6 bxc6 17.Qc4 Rab8 18.Rab1 Nc3 19.Rb3 Qe6 20.Qxc6 Nxe2+ 21.Kg2 Qxc6
22.Bxc6 Nc3 23.Bf4 Rxb3 24.axb3 g5 25.Bd2 Rc8 26.Bf3 a5 27.Ra1 Rc5 28.Bb7 Re5
29.Kf1 Rb5 30.Ba6 Rxb3 31.Rxa5 Rb1+ 32.Kg2 h6 33.h4 gxh4 34.Bxh6 hxg3 35.fxg3 Rb2+
36.Kf3 Bd8 37.Rc5 Rb6 38.Rc8 Rxh6 39.Rxd8+ Kg7 40.Bc4 Rf6+ 41.Kg2 Nd1 42.Rxd4 Ne3+
43.Kh3 Rh6+ 44.Rh4 Rb6 45.Re4 Rh6+ 46.Rh4 Rb6 47.Re4 Rh6+  1/2-1/2

[Event "Gibraltar Masters 2015"]
[Site "Caleta ENG"]
[Date "2015.02.05"]
[Round "10.1"]
[White "Nakamura,Hi"]
[Black "Harikrishna,P"]
[Result "1/2-1/2"]
[WhiteElo "2776"]
[BlackElo "2723"]

1.d4 Nf6 2.c4 e6 3.Nf3 b6 4.g3 Ba6 5.Qc2 Bb7 6.Bg2 c5 7.d5 exd5 8.cxd5 Nxd5
9.O-O Nc6 10.Rd1 Be7 11.Qa4 Nf6 12.Nh4 O-O 13.Nf5 d5 14.Nc3 Nd4 15.Nxd4 cxd4
16.Rxd4 Qe8 17.Qxe8 Rfxe8 18.Rd1 Bb4 19.Bd2 Bxc3 20.Bxc3 Rxe2 21.Bf3 Re6
22.Bxf6 Rxf6 23.Bxd5 Bxd5 24.Rxd5 g6 25.Rad1 Rc6 26.Rd7 Rc2 27.Rb7 Rxb2 28.Rdd7 Rf8
29.Rxa7 b5 30.Rdb7 b4 31.h4 h5 32.Kg2 Kg7 33.Ra4 Rc8 34.Rbxb4 Rcc2 35.Rxb2 Rxb2
36.Ra7 Kf6 37.a4 Ra2 38.Ra8 Kf5 39.a5 Ra3 40.Ra7 Kf6 41.Ra8 Kf5 42.Ra7 Kf6
43.a6 Ke6 44.f3 Kf6 45.Kf2 Ke5 46.Ke2 Kf6 47.Ra8 Kf5 48.Kf2 Kf6 49.g4 Ke5
50.a7 Kf6 51.gxh5 gxh5 52.Rh8 Rxa7 53.Rxh5 Ra1 54.Rb5 Rh1 55.Kg3 Kg6 56.Rb6+ f6
57.Rb5 Kh6 58.Kg4 Kg6 59.h5+ Kh6 60.f4 Rg1+ 61.Kf5 Kxh5 62.Kxf6+ Kh6 63.Rb2 Rg6+
64.Kf7 Rg7+ 65.Kf8 Rg4 66.Rb4 Kg6 67.f5+ Kxf5 68.Rxg4 Kxg4  1/2-1/2